| 000 | 00708nam a2200181Ia 4500 | ||
|---|---|---|---|
| 008 | 090124s9999 xx 000 0 und d | ||
| 082 | _b121159 | ||
| 100 | _aअष्टीकर मंदाकिनी | ||
| 245 | _a निद्रेच्या कुशीत विसावली ज्योत | ||
| 250 | _a1 | ||
| 260 | _c1985 | ||
| 300 | _a204 | ||
| 600 | _aअष्टीकर मंदाकिनी | ||
| 630 | _a निद्रेच्या कुशीत विसावली ज्योत | ||
| 700 | _aअष्टीकर मंदाकिनी | ||
| 730 | _a निद्रेच्या कुशीत विसावली ज्योत | ||
| 942 | _cBOOK | ||
| 999 |
_c167245 _d167245 |
||